| 000 | 00616nam a2200217 4500 | ||
|---|---|---|---|
| 003 | OSt | ||
| 005 | 20240615022112.0 | ||
| 006 | a | ||
| 008 | 240615b |||||||| |||| 00| 0 eng d | ||
| 020 | _a9786230103313 | ||
| 040 |
_aDWCL-Main lib. _cOC |
||
| 082 | _aCirc. 658.4092 Z78L 2009 | ||
| 100 | _aZinni, Tony | ||
| 245 | _aLeading the charge : leadership lessons from the battlefiled to the boardroom / | ||
| 260 |
_aNew York : _bPlagrave Macmillan, _cc2009. |
||
| 300 |
_b243 p. ; _c22 cm. |
||
| 504 | _aIncludes index. | ||
| 650 | _a1. Leadership. | ||
| 700 | _aTony Zinni | ||
| 942 |
_2ddc _n0 _cBK-CIRC _kCirc. |
||
| 999 |
_c752 _d752 |
||